Szárnypróba meglepetésekkel gálaműsor a kassai Márai Sándor Gimnázium és Alapiskola diákjaival a Thália Színházban

Podrobná bibliografia
Hlavný autor: Fecsó, Yvett, 1968- (Autor)
Médium: Článok
Jazyk:maďarčina
Fyzický popis:Fotogr.
ISSN:1335-7050
Predmet:

MARC

LEADER 00000nab a2200000 ar4500
001 vtls010206209
003 SK-MaSNL
005 20260318121540.0
008 110125c20110120xo |||||||| 000 b|hun
015 |a SNBRB2011/01  |2 snkbucl 
038 |a SNKBUCL 
040 |a DSZK  |b slo  |c DSZK  |e AACR2 
041 0 |a hun 
044 |a xo  |c SK 
080 |a 373.54+373.3  |x (=511.141)  |x (437.6)  |2 2001 
080 |a 373.3.011.3-052-056.45  |2 2001 
080 |a 061.7  |2 2001 
100 1 |a Fecsó, Yvett,  |d 1968-  |4 aut  |9 263020 
245 1 0 |a Szárnypróba meglepetésekkel  |b gálaműsor a kassai Márai Sándor Gimnázium és Alapiskola diákjaival a Thália Színházban  |c Fecsó Yvett 
300 |b Fotogr. 
500 |a Program organizovalo Občianske združenie Sándora Máraiho 
610 2 7 |a Gymnázium a Základná škola Sándora Máraiho s vyučovacím jazykom maďarským (Košice, Slovensko)  |2 snkbucl  |9 872517 
648 7 |a 2010  |2 snkbucl  |9 324355 
650 0 7 |a mladé talenty  |2 snkbucl  |9 1095411 
650 0 7 |a talentovaní žiaci  |2 SNKPH  |9 81780 
650 0 7 |a galaprogramy  |2 snkbucl  |9 886100 
651 7 |a Košice (Slovensko)  |2 SNKPHgeo  |9 18694 
773 0 |t Új szó  |g Évf. 64, sz. 15 (20.1.2011), o. 11  |x 1335-7050 
852 |a SNK  |b KIS3GCP 
852 |a DSZK  |b KIS3GCP 
958 |a HU 
958 |a SK 
999 |c 3230991  |d 3232921